00360cam a2200145ua 4500020000900000041001000009082001600019100002200035245005900057250001200116260006000128300001200188365000900200504000500209 c3.90 aengh a590bHAN/AN aHanson, Earl D . aAnimal diversity / cEarl D Hanson.hTextual Documents a1 / b. aNew Delhi : bPrentice Hall of India Pvt Ltd. , c1958. a116 ; . a3.90 a